Every Teammate of LeBron James Quiz - Statistics

General Stats
  • This quiz has been taken 199 times
    57 since last reset
  • The average score is 73 of 255
Answer Stats
GP Answer % Correct
294 Dwyane Wade
96%
200 Kyrie Irving
94%
92 Luka Doncic
94%
22 Ricky Davis
94%
312 Anthony Davis
92%
331 Austin Reaves
92%
287 Chris Bosh
92%
48 Joe Smith
88%
250 J.R. Smith
88%
271 Kevin Love
88%
30 Nick Smith Jr.
88%
589 Zydrunas Ilgauskas
83%
53 Shaquille O'Neal
81%
69 Bronny James
79%
69 Carmelo Anthony
75%
150 Delonte West
75%
43 Dorian Finney-Smith
75%
129 Dwight Howard
75%
10 Alex Len
71%
213 Joel Anthony
71%
92 Juwan Howard
71%
112 Rajon Rondo
71%
25 Derrick Williams
69%
50 Eric Williams
69%
64 Jawad Williams
69%
24 Johnathan Williams
69%
284 Mario Chalmers
69%
191 Mo Williams
69%
152 Ray Allen
69%
130 Russell Westbrook
69%
72 Deandre Ayton
67%
47 Lonzo Ball
65%
295 Tristan Thompson
65%
2 Dahntay Jones
63%
30 Damian Jones
63%
209 Damon Jones
63%
60 Dwayne Jones
63%
343 James Jones
63%
8 Jemerrio Jones
63%
4 Mason Jones
63%
24 Deron Williams
60%
19 Scott Williams
60%
4 Andre Ingram
58%
52 Brandon Ingram
58%
62 Marcus Smart
58%
228 Rui Hachimura
58%
147 Alex Caruso
56%
445 Anderson Varejao
56%
7 Billy Thomas
54%
88 Danny Green
54%
19 Isaiah Thomas
54%
192 Jaxson Hayes
54%
78 Jeff Green
52%
108 Kyle Korver
52%
153 Richard Jefferson
52%
198 Udonis Haslem
52%
16 Derrick Rose
50%
182 Iman Shumpert
50%
143 JaVale McGee
50%
218 Kentavious Caldwell-Pope
50%
32 Luke Kennard
50%
143 Matthew Dellavedova
50%
48 Stanley Johnson
50%
4 Trey Johnson
50%
75 Carlos Boozer
48%
122 D'Angelo Russell
48%
67 Josh Hart
46%
132 Daulton Knecht
44%
156 Jarred Vanderbilt
44%
28 Jordan Clarkson
44%
199 Kyle Kuzma
44%
191 Mike Miller
42%
82 Jake LaRavia
40%
12 Matt Ryan
40%
23 Greg Oden
38%
50 Tony Battie
38%
2 Chaundee Brown
35%
127 Dennis Schroder
35%
78 Devin Brown
35%
112 Gabe Vincent
35%
23 Jalen Hood-Schifino
35%
34 Kedrick Brown
35%
52 Marc Gasol
35%
83 Markieff Morris
35%
227 Norris Cole
35%
38 Shannon Brown
35%
4 Sterling Brown
35%
76 Troy Brown Jr.
35%
78 Ben Wallace
33%
30 Juan Toscano-Anderson
33%
154 Max Christie
33%
43 Maxi Kleber
33%
5 Cedric Jackson
31%
27 | 51 Darnell Jackson
31%
32 DeAndre Jordan
31%
24 George Hill
31%
46 Luke Jackson
31%
21 Rodney Hood
31%
144 Channing Frye
29%
267 Eric Snow
29%
68 Lance Stephenson
29%
25 Antawn Jamison
27%
111 Avery Bradley
27%
33 Ivica Zubac
27%
146 Larry Hughes
27%
26 Malik Beasley
27%
81 Michael Beasley
27%
45 Patrick Beverley
27%
21 Andre Drummond
25%
81 Anthony Parker
25%
249 Daniel Gibson
25%
292 Drew Gooden
25%
41 Maxwell Lewis
25%
115 Rashard Lewis
25%
210 Shane Battier
25%
131 Talen Horton-Tucker
25%
1 Andrew Bogut
23%
53 Jae Crowder
23%
24 Larry Nance Jr.
23%
41 Thomas Bryant
23%
24 Trevor Ariza
23%
50 Christian Wood
21%
37 Darius Miles
21%
18 Kendrick Perkins
21%
56 Lonnie Walker IV
21%
60 Quinn Cook
21%
78 Taurean Prince
21%
122 Timofey Mozgov
21%
126 Chris Andersen
19%
55 Dajuan Wagner
19%
14 Eddy Curry
19%
22 Mike Bibby
19%
43 Mo Wagner
19%
57 Shawn Marion
19%
41 Troy Daniels
19%
25 Adou Thiero
17%
61 Cedi Osman
17%
61 Jamario Moon
17%
20 Kostas Antetokounmpo
17%
69 Montrezl Harrell
17%
302 Sasha Pavlovic
17%
81 Cam Reddish
15%
40 Dion Waiters
15%
56 Joe Harris
15%
73 Lucious Harris
15%
76 Malik Monk
15%
29 Terrel Harris
15%
48 Tyson Chandler
15%
173 Donyell Marshall
13%
27 Drew Timme
13%
57 Jared Dudley
13%
7 Jerry Stackhouse
13%
143 J.J. Hickson
13%
39 Kendrick Nunn
13%
6 Scotty Pippen Jr.
13%
30 Shake Milton
13%
28 Spencer Dinwiddie
13%
99 Wally Szczerbiak
13%
87 Wenyen Gabriel
13%
58 Wesley Matthews
13%
32 Ante Zizic
10%
8 Davon Reed
10%
230 Ira Newble
10%
29 Jordan Goodwin
10%
7 Justin Hamilton
10%
39 Kent Bazemore
10%
19 Reggie Bullock
10%
28 Ronald Murray
10%
13 Ronny Turiaf
10%
11 Zendon Hamilton
10%
7 Cedric Simmons
8%
2 | 37 Christian Koloko
8%
95 DeSagana Diop
8%
57 Jose Calderon
8%
16 Kobe Bufkin
8%
17 Lorenzen Wright
8%
8 Michael Stewart
8%
17 Mike Muscala
8%
25 Roger Mason
8%
24 Scot Pollard
8%
13 Stephen Graham
8%
43 Wayne Ellington
8%
51 Alan Henderson
6%
4 Alex Fudge
6%
21 Ben McLemore
6%
9 Chris Manon
6%
22 Chris Mihm
6%
16 Colin Castleton
6%
3 Darren Collison
6%
35 David Wesley
6%
62 DeAndre Liggins
6%
21 Devontae Cacok
6%
21 D.J. Augustin
6%
7 D'Moi Hodge
6%
51 Erick Dampier
6%
22 Isaac Bonga
6%
40 Jared Cunningham
6%
8 Jarvis Varnado
6%
41 Jason Kapono
6%
4 Jay Huff
6%
5 Larry Sanders
6%
20 Leon Powe
6%
23 Mike Dunleavy
6%
9 Mo Bamba
6%
25 Sasha Kaun
6%
17 Skylar Mays
6%
22 Trey Jemison
6%
11 A.J. Price
4%
39 Alfonzo McKinnie
4%
9 Armel Traore
4%
4 Bruno Sundov
4%
49 Carlos Arroyo
4%
7 Cole Swider
4%
41 Dexter Pittman
4%
7 Harry Giles
4%
107 Jeff McInnis
4%
2 Jelani McCoy
4%
4 Jerome Moiso
4%
16 Jiri Welsch
4%
31 J.R. Bremer
4%
42 Kay Felder
4%
82 Kevin Ollie
4%
22 Lee Nailon
4%
1 Mac McClung
4%
6 Martynas Andriuskevicius
4%
4 Mateen Cleaves
4%
74 Robert Traylor
4%
4 Scott Machado
4%
4 Sebastian Telfair
4%
2 Zach Norvell
4%
5 Alex Kirk
2%
22 Brendan Haywood
2%
3 Coby Karl
2%
8 Dylan Windler
2%
24 John Holland
2%
52 Jordan McRae
2%
6 Josh Harrellson
2%
5 Kaniel Dickens
2%
3 Lance Allred
2%
14 London Perrantes
2%
12 Lou Amundson
2%
8 Mickell Gladness
2%
37 Mike Wilks
2%
2 Quincy Olivari
2%
39 Svi Mykhailiuk
2%
50 Tarence Kinsey
2%
27 Toney Douglas
2%
8 Will Cherry
2%
3 Demetris Nichols
0%
56 Eddie House
0%
1 Edy Tavares
0%
18 Jamaal Magliore
0%
2 Sekou Doumbouya
0%
No matching quizzes found
Score Distribution
Percent of People with Each Score
Percentile by Number Answered
Your Score History
You have not taken this quiz since the last reset